La arqueología del saber /

Gespeichert in:
Bibliographische Detailangaben
1. Verfasser: Foucault, Michel
Weitere Verfasser: Garzón del Camino, Aurelio (traductor)
Format: Unbekannt
Sprache:Spanish
Veröffentlicht: México: Siglo Veintiuno, 1970.
Ausgabe:12. edición
Schlagworte:
Tags: Tag hinzufügen
Keine Tags, Fügen Sie den ersten Tag hinzu!

MARC

LEADER 000000000a22000000004500
001 001065
008 150721s1970 mx |||| |||| 000 0 spa d
041 0 |a español 
082 |a 001  |b F762a12 
100 1 |a Foucault, Michel 
245 1 3 |a La arqueología del saber /  |c Michel Foucault 
250 |a 12. edición 
260 |a México:   |b Siglo Veintiuno,   |c 1970. 
300 |a 355 páginas 
500 |a Título original: L´archéologie du savoir 
650 1 4 |a SABER Y ERUDICCION 
700 1 2 |a Garzón del Camino, Aurelio  |e traductor 
942 |2 ddc  |c BK 
999 |c 2183  |d 2183